Регионална библиотека "Любен Каравелов" - Русе

Изложение за състоянието на Русенския окръг през 1903 - 1904 година (Запис номер 44413)

MARC детайли
000 -Лидер
Контролно поле с фиксирана дължина 02230nam a2200397 a 4500
003 - Код на организацията, давaща контролен номер
Контролно поле BLK
005 - Дата и час на последна редакция
Контролно поле 20240105094103.0
008 - Елементи от данни с фиксирана дължина
fixed length control field 180408b bul|||||r ||||||| ||bul||
010 ## - Наследен системен номер
LC control number KNG00048180000
040 ## - Източник на каталожния запис
Идентификатор на билиотеката - собственик на записа BLK
041 ## - Код за език
Код за езика на текст/звукозапис или на отделно заглавие Български
Код за езика КДБФ Български
072 #7 - Код за тематичната категория
Код организация bullib
Код за тематична категория К
Текст Краезнание
080 ## - УДК
Текстов определител УДК Средна степен. Регионално управление на области, окръзи, кантони, департаменти, провинции и др.
УДК код - определител по УДК 353
УДК определител (497.215)
УДК - код + определител 353(497.215)
139 ## - Редно поле
Редна дума Изложение за състоянието на Русенския окръг през 1903 - 1904 година
Авторски знак Изложе - И 43
245 10 - Сведения за заглавието
Заглавие Изложение за състоянието на Русенския окръг през 1903 - 1904 година
Подзаглавни данни Представено на Русенския окр. съвет при откриването редовната му сес. през 1904 г. от русенския окр. управ. М. Юрданов
257 ## - Страна на издаване
Страна на създаване/издаване България
260 ## - Област на издателските данни
Място на издаване, разпространение и проч. Русе
Година на издаване 1904
Печатница Русе : печ. М. Х. Костов
300 ## - Физическа характеристика
Страници 48 с.
Размери/Мащаб 23 см
380 ## - Жанр
Жанр Обществени науки
500 ## - Общи забележки
Забележка Изд. на Окр. съвет. Русе.
650 #7 - Допълнително описание по предмет – тема
Основно описание – тема или топоним Социално-икономическо положение - България
9 (RLIN) 171549
650 #4 - Допълнително описание по предмет – тема
Основно описание – тема или топоним Народни съвети - България
9 (RLIN) 275829
650 #4 - Допълнително описание по предмет – тема
Основно описание – тема или топоним Русе - стопанско развитие
9 (RLIN) 275828
653 ## - Ключова дума – ненормативна
Ключова дума окръзи
653 ## - Ключова дума – ненормативна
Ключова дума местно управление
700 ## - Други автори (авторска отговорност)
Лично име Юрданов, Марко
9 (RLIN) 317539
852 ## - Местоположение
Форматна сигнатура Цб 304998
Фондова буква Хранилище
852 ## - Местоположение
Форматна сигнатура К 352/354/И 43
Фондова буква Краезнание
852 ## - Местоположение
Форматна сигнатура К 352/354/И 43
Фондова буква Краезнание
856 ## - Електронен адрес и достъп
Инструкция (цена за достъп) 0.00
Права за достъп Достъп за регистрирани потребители
Име на файл Изложение за състоянието на Русенския окръг през 1903 - 1904 година
Електронен формат pdf - файл
Път до файла /url/ http://185.138.176.146:18082/cgi-bin/koha/opac-retrieve-file.pl?id=ee3720b777f7315aac0edad65165f075
Допълнителна информация (Корица, съдържание, пълен текст, звуков файл, HTML файл) Електронна книга
Информация за съдържанието Изложение за състоянието на Русенския окръг през 1903 - 1904 година
999 ## - СИСТЕМНИ КОНТРОЛНИ НОМЕРА
Koha biblionumber 44413
Koha biblioitemnumber 44413
942 ## - АРТИКУЛИ
Вид на библиотечния материал Книги
Скрит в OPAC Не
Koha issues (borrowed), all copies 3
Периодичен библиозапис Да
944 ## - СЪЗДАВАНЕ И РЕДАКЦИЯ на ЗАПИСА
Създаване/Редакция Създаване
Дата на регистрацията/редакция 09.02.2005
Служител, извършил регистрацията/редакцията 30575
Статус, дата на статуса Мартин Енчев
944 ## - СЪЗДАВАНЕ И РЕДАКЦИЯ на ЗАПИСА
Създаване/Редакция Редакция
Дата на регистрацията/редакция 2023-04-20
Служител, извършил регистрацията/редакцията Кети
999 ## - СИСТЕМНИ КОНТРОЛНИ НОМЕРА
Koha biblioitemnumber 44413
999 ## - СИСТЕМНИ КОНТРОЛНИ НОМЕРА
Koha biblioitemnumber 44413
Наличности
Код за отписване Код за изгубен артикул Източник на класификационната схема Код за повреда Коз за рестрикции Код за отдаване Артикулен № Име на библиотеката - собственик Име на библиотеката, в която се намира в момента Статус (Текущо местоположение) Дата на вписване в системата Местоположение - отдел Цена в лева Инвентарен номер Систематично азбучна сигнатура Баркод Номер на екземпляра Цена в евро Служебна бележка Служебен тип на артикула
  Не е изгубен Universal Decimal Classification Не е повреден само за читалня ползва се в читалня 70094 Регионална библиотека "Любен Каравелов" Русе Регионална библиотека "Любен Каравелов" Русе Хранилище 2005-02-09 Основен фонд - ползва се само за читалня 6.00 120000691712 Цб 304998 120000691712 1 3.07 Дост: DA Вид: А N: 3 Дата: 07.02.2005 Книги
  Не е изгубен Universal Decimal Classification Не е повреден без рестрикции ползва се в читалня 70095 Регионална библиотека "Любен Каравелов" Русе Регионална библиотека "Любен Каравелов" Русе Краезнание 1904-01-01 Краезнание 0.03 31224 К 352/354/И 43 900000096606 2 0.02 Дост: DA Вид: А N: стар фонд Дата: 01.01.1904 Дата инв: 09.11.2017 Бележки инв: К2017 Книги
  Не е изгубен Universal Decimal Classification Не е повреден без рестрикции ползва се в читалня 70096 Регионална библиотека "Любен Каравелов" Русе Регионална библиотека "Любен Каравелов" Русе Краезнание 1904-01-01 Краезнание 0.20 101661 К 352/354/И 43 120000101661 3 0.10 Дост: DA Вид: А N: стар фонд Дата: 01.01.1904 Дата инв: 09.11.2017 Бележки инв: К2017 Книги
Vip Innovations Ltd, Rousse, Bulgaria 2025